Podnikateľská legislatíva študijný text

Salvato in:
Dettagli Bibliografici
Autore principale: Sabo, Mikuláš
Natura: Libro
Lingua:slovacco
Pubblicazione: Bratislava ÚĎVEM EU 1996
Serie:Manažment malého a stredného podnikania
Soggetti:
Tags: Aggiungi Tag
Nessun Tag, puoi essere il primo ad aggiungerne!!

MARC

LEADER 00000nam a2200000 4500
001 c102668
005 20240422122231.7
020 |a 80-225-0761-X 
041 0 |a slo 
044 |a SK 
245 1 0 |a Podnikateľská legislatíva  |b študijný text  |c Mikuláš Sabo 
264 1 |a Bratislava  |b ÚĎVEM EU  |c 1996 
300 |a 47 s. 
490 1 |a Manažment malého a stredného podnikania 
830 0 |a Manažment malého a stredného podnikania 
610 2 0 |a zákonník obchodný 
610 2 0 |a zákonník občiansky 
610 2 0 |a register obchodný 
610 2 0 |a súťaž hospodárska 
610 2 0 |a zmluvy obchodné 
610 2 0 |a vzťahy dodávateľsko-odberateľské 
610 2 0 |a vzťahy vlastnícke 
610 2 0 |a poradcovia právni 
100 1 |a Sabo, Mikuláš